| 000 | 00937nam a22002777a 4500 | ||
|---|---|---|---|
| 005 | 20091023114137.0 | ||
| 008 | 091023t xxu||||| |||| 00| 0 eng d | ||
| 010 | _aENG-95178 | ||
| 020 |
_a9780070672826 _c225..00 |
||
| 020 |
_a0070672822 _c225..00 |
||
| 035 | _aEN-78711 | ||
| 037 | _aDBAD/PUB | ||
| 040 | _aDPL | ||
| 082 | _a003.54 | ||
| 100 | _aAvudaiammal R. | ||
| 245 |
_aInformation coding techniques / _cby R. Avudaiammal |
||
| 250 | _a2nd ed. | ||
| 260 |
_aNew Delhi _bTata MaGraw Hill Education _c2010 |
||
| 270 |
_a7, West Patel Nagar _bNew Delhi _e110008 |
||
| 300 |
_aix, 332p. _c24cm. (Pbk) |
||
| 500 | _aIncludes index | ||
| 650 | _aInformation theory | ||
| 650 | _aCoding theory | ||
| 942 |
_2ddc _cEN _mAVU _h003.54 |
||
| 999 |
_c31014 _d31014 |
||